Größte Fußballvereine Brandenburgs (aktuell) - Statistiken

Allgemein
  • Dieses Quiz wurde 140 mal gespielt
  • Das Durchschnittsergebnis liegt bei 3 aus 8
Antwortstatistiken
Liga Verein % Korrekt
4. Liga FC Energie Cottbus
98%
4. Liga SV Babelsberg 03
75%
4. Liga FSV 63 Luckenwalde
45%
5. Liga FSV Optik Rathenow
34%
5. Liga FSV Union Fürstenwalde
34%
5. Liga VfB 1921 Krieschow
18%
5. Liga Ludwigsfelder FC
16%
5. Liga RSV Eintracht 1949
12%
Keine übereinstimmenden Quizze gefunden
Verteilung der Resultate
Anzahl Personen mit jedem Resultat
Perzentil nach korrekt beantworteten Fragen
Ihre Resultats-Entwicklung
Sie haben dieses Quiz noch nicht gespielt